000 01094nam a2200325Ia 4500
001 5861
003 IT-RoPAU
008 130308s9999 xx 000 0 und d
040 _aIT-RoPAU
040 _cIT-RoPAU
041 _aITALIANO
100 _aWilliams Raymond
100 _gCodice Aut. SPICS: 449
240 _aTELEVISION-TECHNOLOGY AND CULTURAL FORM
240 _gCodice Tit. Orig. Spics: A6346
245 _aTelevisione-Tecnologia e forma culturale
245 _bTelevisione-Tecnologia e Forma Culturale
250 _a1a ed.
260 _aBARI
260 _bDe Donato
260 _c1981 [1° Ed.:1981 - Ed.Ling.Originale:1974]
300 _a"230 p. (prefazione: no ; testo: 230)"
500 _aPolitica e Cultura Cultura e Società tecnologia e Società Comunicazione di Massa istituzioni della tecnologia Generi Televisivi Programmazione Distribuzione e flusso Effetti della tecnologia e Suoi Usi tecnologia Alternativa
650 _aTEORICHE TELEVISIVE
650 _eCodice materia Spics: 6955
942 _cBK
957 _71
999 _c73085
_d73085
999 _bSI
999 _g1